[Event "Oberliga Ost-A 2122"]
[Site "Germany"]
[Date "2022.07.10"]
[Round "7.1"]
[White "Engelmann, Jakob"]
[Black "Mueller, Dominik"]
[Result "0-1"]
[WhiteElo "2272"]
[BlackElo "2211"]
[PlyCount "62"]
[EventDate "2021.10.10"]
[EventType "team-tourn"]
[EventRounds "11"]
[EventCountry "GER"]
[SourceTitle "EXT 2023"]
[Source "ChessBase"]
[SourceDate "2022.10.05"]
[SourceVersion "1"]
[SourceVersionDate "2022.10.05"]
[SourceQuality "1"]
[WhiteTeam "Sangerhausen"]
[BlackTeam "Magdeburg Rochade"]
[WhiteTeamCountry "GER"]
[BlackTeamCountry "GER"]

1. d4 Nf6 2. c4 e6 3. Nc3 d5 4. cxd5 exd5 5. Qc2 Be7 6. Nf3 0-0 7. Bf4 c6 8. e3 Nbd7 9. Bd3 Re8 10. h3 Nf8 11. 0-0-0 Ng6 12. Ne5 Be6 13. g4 Qa5 14. Kb1 Ne4 15. Nxg6 hxg6 16. Rc1 Nxc3+ 17. Qxc3 Qb6 18. Bc2 a5 19. g5 Bb4 20. Qd3 Bf5 21. Qe2 Qxd4 22. Bxf5 Qxf4 23. Bd3 Qxg5 24. Rcg1 Qh5 25. Qc2 Be7 26. f4 Bf6 27. e4 dxe4 28. Bxe4 Rad8 29. Re1 Rd4 30. Qg2 Bh4 31. Re2 Rexe4 0-1

[Event "Oberliga Ost-A 2122"]
[Site "Germany"]
[Date "2022.05.08"]
[Round "8.1"]
[White "Pulpan, Jakub"]
[Black "Engelmann, Jakob"]
[Result "1-0"]
[WhiteElo "2415"]
[BlackElo "2272"]
[PlyCount "95"]
[EventDate "2021.10.10"]
[EventType "team-tourn"]
[EventRounds "11"]
[EventCountry "GER"]
[SourceTitle "EXT 2023"]
[Source "ChessBase"]
[SourceDate "2022.10.05"]
[SourceVersion "1"]
[SourceVersionDate "2022.10.05"]
[SourceQuality "1"]
[WhiteTeam "Nickelhuette Aue"]
[BlackTeam "Sangerhausen"]
[WhiteTeamCountry "GER"]
[BlackTeamCountry "GER"]

1. e4 c6 2. Nf3 d5 3. d3 Bg4 4. h3 Bh5 5. Qe2 e6 6. g4 Bg6 7. Bg2 Nf6 8. Nbd2 Be7 9. Ne5 Nfd7 10. Nxg6 hxg6 11. 0-0 Nc5 12. Nb3 Nbd7 13. Re1 dxe4 14. dxe4 e5 15. f4 Nxb3 16. axb3 Bc5+ 17. Kh1 Qh4 18. b4 Bb6 19. Be3 exf4 20. Bxf4 Qf6 21. Rf1 Qxb2 22. Rab1 Qa2 23. Rb3 0-0 24. Bd6 Rfe8 25. Qc4 Re6 26. Rxf7 Qxb3 27. Qxb3 Kxf7 28. Bf1 Rae8 29. Bc4 Bd4 30. b5 Nb6 31. Bxe6+ Rxe6 32. bxc6 bxc6 33. e5 Nd5 34. Qf3+ Nf6 35. g5 Bxe5 36. Bxe5 Rxe5 37. gxf6 Re6 38. fxg7+ Kxg7 39. c4 Rf6 40. Qa3 Re6 41. Qxa7+ Kf6 42. Qd4+ Kf7 43. Kg2 g5 44. Kf3 Kg6 45. Kg4 Rf6 46. Qe4+ Kh6 47. Qe5 Rf4+ 48. Qxf4 1-0

[Event "Oberliga Ost-B 1314"]
[Site "Germany"]
[Date "2014.04.06"]
[Round "11.6"]
[White "Rapoport, Vladimir"]
[Black "Engelmann, Jakob"]
[Result "1/2-1/2"]
[WhiteElo "2303"]
[BlackElo "2186"]
[PlyCount "74"]
[EventDate "2013.10.13"]
[EventType "team-tourn"]
[EventRounds "11"]
[EventCountry "GER"]
[SourceTitle "EXT 2015"]
[Source "ChessBase"]
[SourceDate "2014.11.20"]
[SourceVersion "1"]
[SourceVersionDate "2014.11.20"]
[SourceQuality "1"]
[WhiteTeam "Heusenstamm"]
[BlackTeam "Sangerhausen"]
[WhiteTeamCountry "GER"]
[BlackTeamCountry "GER"]

1. Nf3 d5 2. g3 c6 3. Bg2 Bg4 4. d3 Nf6 5. Nbd2 Nbd7 6. 0-0 e5 7. h3 Bh5 8. e4 dxe4 9. dxe4 Be7 10. Qe2 0-0 11. Re1 Re8 12. a4 Qc7 13. Qc4 a5 14. Nf1 Nb6 15. Qb3 Nfd7 16. Be3 Nc5 17. Bxc5 Bxc5 18. Ne3 Bxf3 19. Bxf3 Bxe3 20. Rxe3 Red8 21. Bg4 Rd4 22. c3 Rd2 23. Ree1 Rad8 24. Rad1 g6 25. Rxd2 Rxd2 26. Rd1 Rxd1+ 27. Bxd1 Nc8 28. Qc4 Nd6 29. Qd3 b6 30. b4 Ne8 31. Bb3 Kg7 32. Kg2 c5 33. bxa5 bxa5 34. Qd5 Nf6 35. Qc4 Qb7 36. Bc2 Qc7 37. Qb5 h6 1/2-1/2

[Event "Oberliga Ost-B 1213"]
[Site "Germany"]
[Date "2013.01.13"]
[Round "5.3"]
[White "Baum, Bernd"]
[Black "Engelmann, Jakob"]
[Result "1/2-1/2"]
[WhiteElo "2303"]
[BlackElo "2223"]
[PlyCount "86"]
[EventDate "2012.09.30"]
[EventType "team-tourn"]
[EventRounds "11"]
[EventCountry "GER"]
[SourceTitle "EXT 2014"]
[Source "ChessBase"]
[SourceDate "2013.11.20"]
[SourceVersion "1"]
[SourceVersionDate "2013.11.20"]
[SourceQuality "1"]
[WhiteTeam "Erfurt Empor"]
[BlackTeam "Sangerhausen"]
[WhiteTeamCountry "GER"]
[BlackTeamCountry "GER"]

1. Nf3 d5 2. g3 Nf6 3. Bg2 c6 4. c4 Bg4 5. Ne5 Be6 6. cxd5 Bxd5 7. Nf3 c5 8. Nc3 Bc6 9. 0-0 e6 10. d3 Be7 11. e4 0-0 12. Qe2 b5 13. Ne5 Qb6 14. Bg5 h6 15. Be3 Nfd7 16. Nxc6 Nxc6 17. f4 Rfd8 18. Rac1 Rac8 19. Qf2 Nf6 20. Qe2 Nd4 21. Qd1 Nd7 22. Kh1 Qa6 23. a3 Nb6 24. f5 exf5 25. exf5 b4 26. axb4 cxb4 27. Ra1 Qxa1 28. Qxa1 Nc2 29. Qc1 Nxe3 30. Qxe3 Bg5 31. Qe2 bxc3 32. bxc3 Rxc3 33. Be4 Nd7 34. Qa2 Rc7 35. h4 Bf6 36. Rd1 Nc5 37. Rc1 Be5 38. Kg2 Nxe4 39. Rxc7 Bxc7 40. dxe4 Rd3 41. Qxa7 Rxg3+ 42. Kf2 Bf4 43. Qd7 f6 1/2-1/2

[Event "Oberliga Ost-B 1213"]
[Site "Germany"]
[Date "2012.11.11"]
[Round "3.3"]
[White "Donchenko, Anatoly G"]
[Black "Engelmann, Jakob"]
[Result "1-0"]
[WhiteElo "2367"]
[BlackElo "2223"]
[PlyCount "63"]
[EventDate "2012.09.30"]
[EventType "team-tourn"]
[EventRounds "11"]
[EventCountry "GER"]
[SourceTitle "EXT 2014"]
[Source "ChessBase"]
[SourceDate "2013.11.20"]
[SourceVersion "1"]
[SourceVersionDate "2013.11.20"]
[SourceQuality "1"]
[WhiteTeam "Giessen"]
[BlackTeam "Sangerhausen"]
[WhiteTeamCountry "GER"]
[BlackTeamCountry "GER"]

1. c4 c6 2. d4 d5 3. Nf3 Nf6 4. Qc2 dxc4 5. Qxc4 Bf5 6. g3 e6 7. Bg2 Be7 8. 0-0 0-0 9. Nc3 Nbd7 10. Re1 Ne4 11. Qb3 Qb6 12. Nh4 Bxh4 13. gxh4 Nxc3 14. bxc3 e5 15. e4 Be6 16. d5 Bg4 17. Be3 Qc7 18. a4 b6 19. c4 c5 20. a5 f5 21. exf5 Bxf5 22. axb6 axb6 23. Rxa8 Rxa8 24. d6 Qc8 25. Bd5+ Kh8 26. Bg5 Ra7 27. Qf3 Nf8 28. h3 h6 29. Rxe5 Bxh3 30. Re7 Ra1+ 31. Kh2 Be6 32. Qc3 1-0

[Event "GER-ch Net qual4 U25"]
[Site "Playchess.com INT"]
[Date "2012.09.12"]
[Round "3"]
[White "Engelmann, Jakob"]
[Black "Grimberg, Boris"]
[Result "0-1"]
[WhiteElo "2221"]
[BlackElo "2353"]
[PlyCount "82"]
[EventDate "2012.09.12"]
[EventType "swiss (blitz)"]
[EventRounds "7"]
[EventCountry "GER"]
[SourceTitle "CBM 150 Extra"]
[Source "ChessBase"]
[SourceDate "2012.10.19"]
[SourceVersion "1"]
[SourceVersionDate "2012.10.19"]
[SourceQuality "1"]

1. e4 d6 2. d4 Nf6 3. Nc3 g6 4. f3 c6 5. a4 Bg7 6. Be3 0-0 7. Qd2 Nbd7 8. Bc4 b6 9. Nge2 a6 10. g4 Rb8 11. Ng3 b5 12. Bb3 b4 13. Nce2 c5 14. a5 cxd4 15. Nxd4 Bb7 16. g5 Ne8 17. h4 Nc5 18. Bc4 d5 19. exd5 Bxd5 20. Be2 e5 21. Nb3 Nxb3 22. cxb3 Nc7 23. Bd1 Ne6 24. h5 Nd4 25. hxg6 hxg6 26. Qh2 Re8 27. Ne4 Bxe4 28. fxe4 Rc8 29. Ra4 Qd6 30. Bd2 Rb8 31. Qh7+ Kf8 32. Rf1 Qc6 33. Bxb4+ Rxb4 34. Rxb4 Qxe4+ 35. Kd2 Nf3+ 36. Rxf3 Qxb4+ 37. Kc1 Rc8+ 38. Kb1 Rd8 39. Qh1 e4 40. Rf2 Qd4 41. Rf1 Qxb2# 0-1

[Event "BL2-Nord 1112"]
[Site "Germany"]
[Date "2012.01.15"]
[Round "5.3"]
[White "Reichmann, Hendrik"]
[Black "Engelmann, Jakob"]
[Result "0-1"]
[WhiteElo "2346"]
[BlackElo "2221"]
[PlyCount "104"]
[EventDate "2011.10.02"]
[EventType "team-tourn"]
[EventRounds "9"]
[EventCountry "GER"]
[SourceTitle "EXT 2015"]
[Source "ChessBase"]
[SourceDate "2014.11.20"]
[SourceVersion "1"]
[SourceVersionDate "2014.11.20"]
[SourceQuality "1"]
[WhiteTeam "Neukloster"]
[BlackTeam "Halle Volksbank"]
[WhiteTeamCountry "GER"]
[BlackTeamCountry "GER"]

1. d4 d5 2. Nf3 Nf6 3. e3 c6 4. Bd3 Bg4 5. Nbd2 Nbd7 6. c4 e6 7. Qa4 Bd6 8. b4 a6 9. c5 Bc7 10. Bb2 0-0 11. Qc2 Qb8 12. Qb3 Re8 13. Ne5 Nxe5 14. dxe5 Nd7 15. f4 f6 16. Qc2 fxe5 17. Bxh7+ Kh8 18. h3 Bh5 19. Bg6 Bxg6 20. Qxg6 Re7 21. Qg5 Qe8 22. fxe5 Rf7 23. Nf3 Rf5 24. Qg3 Qh5 25. 0-0 Kg8 26. Qg4 Qh6 27. Nd4 Qxe3+ 28. Kh1 Qxe5 29. g3 Rxf1+ 30. Rxf1 Qe4+ 31. Qxe4 dxe4 32. Kg2 Be5 33. Ba1 Re8 34. Re1 Bxd4 35. Bxd4 e5 36. Ba1 Nf6 37. g4 g5 38. h4 gxh4 39. g5 Nd5 40. Rxe4 Nf4+ 41. Kf3 Ng6 42. Kg4 Kf7 43. Re3 Rh8 44. Bc3 Ke6 45. Re1 h3 46. Rh1 Rh4+ 47. Kg3 Kf5 48. Rf1+ Kxg5 49. Bd2+ Nf4 50. Rh1 h2 51. Rxh2 Rxh2 52. Kxh2 Kg4 0-1

[Event "BL2-Nord 1112"]
[Site "Germany"]
[Date "2011.10.23"]
[Round "2.5"]
[White "Engelmann, Jakob"]
[Black "Krause, Ullrich"]
[Result "0-1"]
[WhiteElo "2221"]
[BlackElo "2311"]
[PlyCount "102"]
[EventDate "2011.10.02"]
[EventType "team-tourn"]
[EventRounds "9"]
[EventCountry "GER"]
[SourceTitle "EXT 2015"]
[Source "ChessBase"]
[SourceDate "2014.11.20"]
[SourceVersion "1"]
[SourceVersionDate "2014.11.20"]
[SourceQuality "1"]
[WhiteTeam "Halle Volksbank"]
[BlackTeam "Luebeck"]
[WhiteTeamCountry "GER"]
[BlackTeamCountry "GER"]

1. c4 e6 2. g3 d5 3. Bg2 Nf6 4. Nf3 Be7 5. 0-0 0-0 6. b3 b6 7. Bb2 Bb7 8. Qc2 c5 9. d3 Nc6 10. Nbd2 d4 11. a3 a5 12. Ne5 Qc7 13. Bxc6 Bxc6 14. Nxc6 Qxc6 15. b4 e5 16. bxc5 Bxc5 17. Rfb1 a4 18. Bc1 Rfe8 19. Ne4 Nd7 20. Rb5 f5 21. Nxc5 Nxc5 22. Rab1 Rab8 23. e3 Ne6 24. Rxe5 Ng5 25. Rd5 Nf3+ 26. Kf1 Nxh2+ 27. Ke2 Qg6 28. Qd1 Qg4+ 29. Kd2 dxe3+ 30. fxe3 Qxg3 31. Kc3 Ng4 32. Rxf5 Nxe3 33. Bxe3 Rxe3 34. Rd5 h6 35. Qxa4 Qf2 36. Qd1 Qf6+ 37. Kb3 b5 38. Ka2 Rbe8 39. Qb3 Re2+ 40. Rb2 Qf2 41. cxb5 Rxb2+ 42. Qxb2 Re2 43. Qxe2 Qxe2+ 44. Kb3 Qe6 45. Kc4 h5 46. Kc5 Qc8+ 47. Kb6 Qb8+ 48. Kc6 Qa8+ 49. Kd6 h4 50. b6 h3 51. Rb5 h2 0-1

[Event "Pardubice Czech op 22nd"]
[Site "Pardubice"]
[Date "2011.07.22"]
[Round "1"]
[White "Engelmann, Jakob"]
[Black "Mishuchkov, Nikolai Mikhailovic"]
[Result "1-0"]
[WhiteElo "2213"]
[BlackElo "2415"]
[PlyCount "107"]
[EventDate "2011.07.22"]
[EventType "swiss"]
[EventRounds "9"]
[EventCountry "CZE"]
[SourceTitle "CBM 143 Extra"]
[Source "ChessBase"]
[SourceDate "2011.08.29"]
[SourceVersion "1"]
[SourceVersionDate "2011.08.29"]
[SourceQuality "1"]

1. c4 e5 2. g3 Nc6 3. Bg2 Nf6 4. Nc3 Bc5 5. d3 0-0 6. Nf3 d6 7. 0-0 a6 8. a3 Ba7 9. b4 h6 10. Bb2 Bg4 11. Rc1 Qd7 12. Re1 Rae8 13. e3 Nd8 14. Nd5 Nxd5 15. cxd5 c6 16. dxc6 Nxc6 17. Qa4 Ne7 18. Qxd7 Bxd7 19. Nd2 Bc6 20. Bh3 Rd8 21. Nc4 Bd7 22. Bf1 Be6 23. Na5 Rd7 24. Bg2 Bd5 25. Bh3 Be6 26. Bxe6 fxe6 27. Re2 Rc8 28. Rxc8+ Nxc8 29. Rc2 Ne7 30. Kg2 Kf7 31. Kf3 g6 32. Nc4 Nc6 33. Nd2 Ke7 34. Ne4 Bb6 35. h4 h5 36. Rc1 Nd8 37. Rc8 d5 38. Ng5 d4 39. Ke4 Nf7 40. Nxf7 Kxf7 41. Rc4 g5 42. hxg5 Kg6 43. exd4 Kxg5 44. Kxe5 Rf7 45. Bc1+ Kg6 46. Be3 h4 47. gxh4 Rf3 48. Kxe6 Rh3 49. d5 Bxe3 50. fxe3 Rxe3+ 51. Kd7 Rxd3 52. d6 b5 53. Rc1 Rxa3 54. Kc7 1-0